| 000 | 00680cam a22001571 4500 | ||
|---|---|---|---|
| 082 |
_a940.4 _bHAY _cD |
||
| 100 | 1 |
_aHay, Ian. _948842 |
|
| 245 | 1 | 4 |
_aThe first hundred thousand, _bbeing the unofficial chronicle of a unit of "K (1)," _cby Ian Hay [pseud.] |
| 260 |
_aBoston, _aNew York, _bHoughton Mifflin Company, _c1916. |
||
| 300 |
_aviii p., 3 l., [3]-342 p. incl. col. front. (port.) _c20 cm. |
||
| 500 | _a"Originally contributed in the form of an anonymous narrative to Blackwood's magazine."--Publisher's note. | ||
| 526 |
_a0 _b0 _c0 _d940_400000000000000_HAY |
||
| 650 | 0 |
_aMCE _9379 |
|
| 650 | 0 |
_aWorld War, 1914-1918 _xPersonal narratives, English. _949445 |
|
| 942 |
_2ddc _cBK |
||
| 999 |
_c552407 _d552407 |
||